000 00506nam a2200181 a 4500
001 4662
003 CO-ViMGA
008 141112s2004 ck r 000 u spa d
040 _aCO-ViMGA
_bspa
_cCO-ViMGA
082 0 4 _a362.73 C474
100 1 _aCirillo, Stefano
_955648
245 1 0 _aNiños maltratados :
_bdiagnóstico y terapia familiar
260 _aBarcelona :
_bEdiciones Paidós,
_c1994
300 _a171 p
490 _aTerapia familiar, 38
650 1 4 _aNIÑOS MALTRATADOS
_955649
942 _2ddc
_cBK
999 _c16672
_d16672